International Landmarks Quiz Stats

 Plays Quiz not verified by Sporcle

Support Sporcle.
Go Orange.
Score 0/30 Timer 10:00
0 Plays Today
Country Landmark Name % Correct
FranceEiffel Tower,
85.2%
USAStatue of Liberty
72.7%
ChinaThe Great Wall of China
71.6%
AustraliaSydney Opera House,
62.5%
IndiaThe Taj Mahal
61.4%
ItalyThe Leaning Tower of Pisa
61.4%
USAEmpire State Building
61.4%
EnglandStonehenge
58%
GreeceAcropolis
54.5%
USAGolden Gate Bridge
52.3%
EgyptThe Pyramids of Giza
50%
ItalyColosseum,
50%
ChinaThe Forbidden City
48.9%
FranceArc de Triomphe
45.5%
USAHollywood
42%
Country Landmark Name % Correct
USAGrand Canyon
40.9%
USASpace Needle
40.9%
USAMount Rushmore
36.4%
EgyptThe Great Sphinx
35.2%
JapanTokyo Tower
34.1%
USALincoln Memorial
33%
USANiagara Falls
31.8%
ChinaThe Terra-cotta Army
30.7%
ItalyPantheon
29.5%
GreecePantheon
29.5%
USAJefferson Memorial
27.3%
USALiberty Bell
26.1%
USAThe Gateway Arch
25%
USAIndependence Hall
21.6%
USAOld Faithful Geyser
19.3%

You're not logged in!

Compare scores with friends on all Sporcle quizzes.
OR
Log In

From the Vault

'B' Sorting Gallery

by alinrotundu

Break out your best badminton racket and beat up some birdies.
Remove Ads.
Support Sporcle.
Get the best of Sporcle when you Go Orange. This ad-free experience offers more features, more stats, and more fun while also helping to support Sporcle. Thank you for becoming a member.

Show Comments

Extras

Created Mar 2, 2011ReportNominate
Tags:International, landmark

Top Quizzes Today


Score Distribution

Your Account Isn't Verified!

In order to create a playlist on Sporcle, you need to verify the email address you used during registration. Go to your Sporcle Settings to finish the process.

Report this User

Report this user for behavior that violates our Community Guidelines.

Details: